000 00310nam a2200133Ia 4500
005 20251222155156.0
008 251222s9999||||xx |||||||||||||| ||spa||
082 _aSIC. 13
100 _aJERSILD, Arthur T.
245 0 _aPsicología del Niño
250 _a1ra. ed.
264 _bUniversitaria
942 _cLIB
999 _c39762
_d39762